जब धरती बोली : (Record no. 113563)

MARC details
000 -LEADER
fixed length control field 01116nam a22002537a 4500
005 - DATE AND TIME OF LATEST TRANSACTION
control field 20170124102955.0
010 ## - LIBRARY OF CONGRESS CONTROL NUMBER
LC control number A-829861
020 ## - INTERNATIONAL STANDARD BOOK NUMBER
Terms of availability 80.00
035 ## - SYSTEM CONTROL NUMBER
System control number A-829861
037 ## - SOURCE OF ACQUISITION
Source of stock number/acquisition Cen Lib/Ret
040 ## - CATALOGING SOURCE
Original cataloging agency DPL
Language of cataloging HN
082 ## - DEWEY DECIMAL CLASSIFICATION NUMBER
Classification number
Item number शर्माश्री
100 ## - MAIN ENTRY--PERSONAL NAME
Personal name शर्मा, श्रीराम
9 (RLIN) 52814
245 ## - TITLE STATEMENT
Title जब धरती बोली :
Statement of responsibility, etc श्रीराम शर्मा
Remainder of title सामाजिक उपन्यास /
246 ## - VARYING FORM OF TITLE
Title proper/short title Jab Dharti boli : samajik upnyas /
Remainder of title by Shreeram Sharma
260 ## - PUBLICATION, DISTRIBUTION, ETC. (IMPRINT)
Place of publication, distribution, etc नयी दिल्ली
Name of publisher, distributor, etc भारतीय गरंथ निकेतन
Date of publication, distribution, etc 1996
270 ## - ADDRESS
City नयी दिल्ली
Address 2713 कूचा चैलन, दरयागंज
Postal code 110002
300 ## - PHYSICAL DESCRIPTION
Extent 216पृ.
Dimensions 16सेमी(सजिल्द )
650 ## - SUBJECT ADDED ENTRY--TOPICAL TERM
Topical term or geographic name as entry element हिंदी साहित्य
General subdivision
Geographic subdivision
9 (RLIN) 52815
650 ## - SUBJECT ADDED ENTRY--TOPICAL TERM
Topical term or geographic name as entry element हिंदी सामाजिक उपन्यास
9 (RLIN) 1009
650 ## - SUBJECT ADDED ENTRY--TOPICAL TERM
Topical term or geographic name as entry element Hindi literature
Form subdivision
9 (RLIN) 52816
650 ## - SUBJECT ADDED ENTRY--TOPICAL TERM
Topical term or geographic name as entry element Hindi social novel
9 (RLIN) 52817
942 ## - ADDED ENTRY ELEMENTS (KOHA)
Source of classification or shelving scheme Dewey Decimal Classification
Koha item type Hindi Books
Classification part
Call number suffix शर्माश्री
Holdings
Withdrawn status Lost status Damaged status Not for loan Home library Current library Date acquired Source of acquisition Cost, normal purchase price Total Checkouts Full call number Barcode Date last seen Date checked out Copy number Cost, replacement price Price effective from Koha item type
        Central Library Central Library 12/08/2015 Cen Lib/Ret 80.00 1 उ शर्माश्री A-829861 03/11/2020 20/10/2020 1 80.00 12/08/2015 Hindi Books

© Delhi Public Library
Hit Counter
free hit counter